000 01273nam a2200337 a 4500
001 000115646
003 CHAP
005 20220329144543.0
008 190618s2018 mx a |sm |||||||spa d
010 _a112107
011 _a113079
040 _cCHAP
090 _aTesis
100 1 _aPérez Córdova, Wiston Wilmer.
_9136154
245 1 0 _aProblemática derivada del cultivo de papa comercial en San Francisco Pichátaro, Michoacán
_h[En línea]
_cpor Wiston Wilmer Pérez Córdova.
260 _aChapingo, Méx. :
_bEl autor,
_c2018.
500 _aPara ver el contenido del material haga clic en la liga
502 _aTesis (M.C. en Desarrollo Rural Regional) -- UACH. Dirección de Centros Regionales Universitarios
590 _aBATCH-UPD
_b05
_c20190618
_lUCH01
_h1215
590 _aE6339RRR
_b05
_c20190618
_lUCH01
_h1152
590 _aE6339RRR
_b05
_c20190618
_lUCH01
_h1152
590 _aE6339RRR
_b05
_c20190618
_lUCH01
_h1214
650 1 4 _aCampesinado
_xCondiciones económicas.
_9130533
650 1 4 _aFertilizantes
_xEfecto en suelos.
_940553
650 1 4 _aPapa
_xCultivo.
_985218
650 1 4 _aTierras
_xArrendamiento.
_9113092
856 _aFinding aid
_uhttp://10.13.5.2/tesis/sist115646.pdf
_zTeclea aquí
901 _aBK
942 _cTESIS
942 _n0
999 _c112107
_d112107